|
|
|
|
| LEADER |
01178nam a2200301 a 4500 |
| 001 |
12249306 |
| 008 |
090826s2001 maua 001 0 eng d |
| 010 |
|
|
|a \\\00068385
|
| 020 |
|
|
|a 0262082942 (hc. : alk. paper)
|
| 020 |
|
|
|a 0262582074 (pbk. : alk. paper)
|
| 040 |
|
|
|a DLC
|c DLC
|d DLC
|
| 082 |
0 |
0 |
|a 511/.8
|2 21
|
| 245 |
0 |
0 |
|a Mathematics for economics /
|c Michael Hoy ... [et al].
|
| 250 |
|
|
|a 2nd ed.
|
| 260 |
|
|
|a Cambridge, Mass. :
|b MIT Press,
|c 2001.
|
| 300 |
|
|
|a xiv, 1129 p. :
|b ill. ;
|c 24 cm.
|
| 504 |
|
|
|a Includes index.
|
| 541 |
1 |
|
|e 00016647
|
| 650 |
|
0 |
|a Economics, Mathematical.
|
| 700 |
1 |
|
|a Hoy, Michael,
|d 1953 Sept. 22-
|
| 700 |
1 |
|
|a Livernois, John.
|
| 700 |
1 |
|
|a Mckenna, Chris.
|
| 700 |
1 |
|
|a Rees, Ray.
|
| 700 |
1 |
|
|a Stengos, Thanasis.
|
| 852 |
4 |
|
|a Ayesha Abed Library
|j General shelf
|
| 999 |
|
|
|c 3562
|d 3562
|
| 952 |
|
|
|0 0
|1 0
|2 ddc
|4 0
|6 511_800000000000000_MAT_2001
|7 0
|9 3234
|a BRACUL
|b BRACUL
|c GEN
|d 2009-09-02
|l 16
|m 72
|o 511.8 MAT
|p 3010016647
|r 2022-08-28
|s 2022-06-07
|t 1
|w 2009-09-02
|y BK
|
| 952 |
|
|
|0 0
|1 0
|2 ddc
|4 0
|6 511_000000000000000__8_MAT_2001
|7 0
|9 11804
|a BRACUL
|b BRACUL
|c GEN
|d 2010-09-06
|l 14
|m 159
|o 511.8 MAT
|p 3010016646
|r 2025-10-15
|s 2025-10-08
|t 2
|w 2010-09-06
|y BK
|